| 000 | 00420nam a22001817a 4500 | ||
|---|---|---|---|
| 005 | 20230830141027.0 | ||
| 008 | 230524b |||||||| |||| 00| 0 eng d | ||
| 020 | _a9788121903424 | ||
| 082 |
_a531.11 _bRAY-T |
||
| 100 | _aRay-M | ||
| 245 | _aTextbook on Dynamics | ||
| 260 |
_aIndia _bS.Chand & Company _c2015 |
||
| 300 | _a327 | ||
| 500 | _aIndex Given | ||
| 650 | _aEngineering | ||
| 700 | _aRay-M | ||
| 999 |
_c18497 _d18497 |
||